The mummy's revenge (Record no. 78678)

MARC details
000 -LEADER
fixed length control field 00684nam a2200169 a 4500
008 - FIXED-LENGTH DATA ELEMENTS--GENERAL INFORMATION
fixed length control field 201117s2017 ||||||||||||||||| || u
020 ## - INTERNATIONAL STANDARD BOOK NUMBER
International Standard Book Number 9781474906920
050 ## - LIBRARY OF CONGRESS CALL NUMBER
Classification number PZ 7.E375
100 ## - MAIN ENTRY--PERSONAL NAME
Personal name Beasley, Andrew
245 10 - TITLE STATEMENT
Title The mummy's revenge
Statement of responsibility, etc. By Andrew Beasley
260 ## - PUBLICATION, DISTRIBUTION, ETC.
Place of publication, distribution, etc. London
Name of publisher, distributor, etc. Usborne Publishing Ltd
Date of publication, distribution, etc. 2017
300 ## - PHYSICAL DESCRIPTION
Extent 233 pages
350 ## -
-- 15.84
650 ## - SUBJECT ADDED ENTRY--TOPICAL TERM
Topical term or geographic name entry element ENGLISH LANGUAGE
995 ## -
-- FICTION Collection
-- 15.84
-- 905178
-- CBU-SCHOOL OF MEDICINE LIBRARY (Ndola)
-- PZ 7.E375
-- 1
-- AVAILABLE
-- Nov 19, 2020
-- 905178
-- Fiction Collection
995 ## -
-- FICTION Collection
-- 750502
-- CBU-MAIN LIBRARY (Kitwe)
-- 15.84
-- PZ 7.E375
-- 2
-- AVAILABLE
-- Dec 7, 2020
-- 750502
-- Fiction Collection
999 ## -
-- 78678
-- 78678
Holdings
Withdrawn status Lost status Source of classification or shelving scheme Damaged status Not for loan Permanent Location Current Location Shelving location Date acquired Total Checkouts Full call number Barcode Date last seen Copy number Price effective from Koha item type Date last checked out
          CBU-MAIN LIBRARY, KITWE. CBU-MAIN LIBRARY, KITWE.   06/06/2023 3 PZ 7.E375 750502 11/28/2025 2 06/06/2023 FICTON COLLECTON 09/02/2025
          CBU-SCHOOL OF MEDICINE LIBRARY, NDOLA. CBU-SCHOOL OF MEDICINE LIBRARY, NDOLA.   06/06/2023   PZ 7.E375 905178 06/06/2023 1 06/06/2023 FICTON COLLECTON